The Pennsylvania anthracite coal field, (Record no. 24385)

MARC details
000 -LEADER
fixed length control field 00827cam a22002171 4500
001 - CONTROL NUMBER
control field gs 06000088
003 - CONTROL NUMBER IDENTIFIER
control field DLC
005 - DATE AND TIME OF LATEST TRANSACTION
control field 20260227111303.0
008 - FIXED-LENGTH DATA ELEMENTS--GENERAL INFORMATION
fixed length control field 840613s1902 dcubf 000 0 eng c
010 ## - LIBRARY OF CONGRESS CONTROL NUMBER
LC control number gs 06000088
035 ## - SYSTEM CONTROL NUMBER
System control number (OCoLC)10840043
040 ## - CATALOGING SOURCE
Original cataloging agency U.S. Geol. survey. Library
Transcribing agency DSI
Modifying agency DLC
042 ## - AUTHENTICATION CODE
Authentication code premarc
050 00 - LIBRARY OF CONGRESS CALL NUMBER
Classification number TN805
Item number .P4585
100 1# - MAIN ENTRY--PERSONAL NAME
Personal name Stoek, H. H.
Fuller form of name (Harry Harkness),
Dates associated with a name 1866-1923.
245 14 - TITLE STATEMENT
Title The Pennsylvania anthracite coal field,
Statement of responsibility, etc. by H. H. Stoek. Extract from the Twenty-second annual report of the [U. S. Geological] survey, 1900-1901. Part III--Coal, oil, cement.
260 ## - PUBLICATION, DISTRIBUTION, ETC.
Place of publication, distribution, etc. Washington,
Name of publisher, distributor, etc. Govt. print. off.,
Date of publication, distribution, etc. 1902.
300 ## - PHYSICAL DESCRIPTION
Extent 1 p. l., 55-117 p.
Other physical details 5 pl. (part fold., incl. map) diagrs.
Dimensions 30 cm.
504 ## - BIBLIOGRAPHY, ETC. NOTE
Bibliography, etc. note "Literature": p. 117.
650 #0 - SUBJECT ADDED ENTRY--TOPICAL TERM
Topical term or geographic name entry element Coal mines and mining
Geographic subdivision Pennsylvania.

No items available.

Powered by Koha